| Поле | Название | Значение |
| |
Тип записи |
a |
| |
Библиографический уровень |
m |
| 001 |
Контрольный номер |
RU/URAIT/589440 |
| 005 |
Дата корректировки |
20260429163606.2 |
| 008 |
Кодируемые данные |
260429s2026 RU y f j 000 0 rus u |
| 020 |
Индекс ISBN |
__ |
| a |
ISBN |
978-5-534-17945-3 |
| c |
Цена, тираж |
1189.00 |
| 040 |
Источник каталогиз. |
__ |
| a |
Служба первич. каталог. |
ИКО Юрайт |
| c |
Служба, преобразующая запись |
ИКО Юрайт |
| e |
Правила каталог. |
RCR |
| 041 |
Код языка издания |
__ |
| a |
Код языка текста |
rus |
| 044 |
Код страны публикации |
__ |
| a |
Код страны публикации |
RU |
| 080 |
Индекс УДК |
__ |
| a |
Индекс УДК |
347(075.8) |
| 084 |
Индекс другой классификации/Индекс ББК |
__ |
| 2 |
Источник индекса |
rubbk |
| a |
Индекс другой классификации/Индекс ББК |
67.410я73 |
| 100 |
Автор |
__ |
| a |
Автор |
Гальперин М. Л. |
| q |
Полное имя |
Гальперин Михаил Львович |
| 245 |
Заглавие |
__ |
| a |
Заглавие |
Исполнительное производство: цивилистические основы |
| b |
Продолж. заглавия |
учебник для вузов |
| c |
Ответственность |
М. Л. Гальперин. |
| 256 |
Характеристики компьютерного файла |
__ |
| a |
Характеристики компьютерного файла |
Электрон. дан. |
| 260 |
Выходные данные |
__ |
| a |
Место издания |
Москва |
| b |
Издательство |
Юрайт |
| c |
Дата издания |
2026 |
| 300 |
Физическое описание |
__ |
| a |
Объем |
271 с |
| 440 |
Серия |
__ |
| a |
Серия |
Высшее образование |
| 500 |
Примечания |
__ |
| a |
Примечание |
URL: https://urait.ru/bcode/589440 (дата обращения: 29.04.2026). |
| 520 |
Аннотация |
__ |
| a |
Аннотация |
В курсе кратко и наглядно освещены вопросы принудительной реализации гражданских прав с использованием исполнительного производства. С помощью курса у читателя появится возможность закрепить и развить уже имеющиеся познания в частном праве, проследить взаимосвязи между процессуальными и материально-правовыми институтами. Таким образом, из отдельных фрагментов сложится общая картина, позволяющая юристу, выстраивая защиту интересов своего доверителя или работодателя, смотреть шире, видеть дальше, мыслить креативнее. Тем читателям, которые готовятся посвятить себя академической работе, курс раскроет множество увлекательных теоретических вопросов, ведущих к глубинам гражданского права и судопроизводства. Соответствует актуальным требованиям Федерального государственного образовательного стандарта высшего образования. Предназначено для студентов высших учебных заведений, обучающихся по юридическим направлениям. |
| 538 |
Прим. о системных особенностях |
__ |
| a |
Прим. о системных особенностях |
Режим доступа: Электронно-библиотечная система Юрайт, для авториз. пользователей |
| 653 |
Ключевые слова |
__ |
| a |
Ключевые слова |
Гражданский и арбитражный процесс |
| 653 |
Ключевые слова |
__ |
| a |
Ключевые слова |
Юридические науки |
| 653 |
Ключевые слова |
__ |
| a |
Ключевые слова |
Исполнительное производство: цивилистические основы |
| 856 |
Электронный адрес документа |
40 |
| n |
Местонахождение сервера |
Юрайт |
| g |
|
Электронная книга |
| q |
Тип электронного формата |
html |
| h |
Имя пользователя |
ЮРАЙТ |
| v |
Часы доступа к ресурсу |
20271231 |
| 2 |
Способ доступа |
Показать документ |
| x |
Служебное примечание |
https://urait.ru/book/cover/208971FA-D621-4539-AB87-6EA8EAB7D0AE |
| u |
URL |
https://urait.ru/bcode/589440 |
| 856 |
Электронный адрес документа |
48 |
| q |
Тип электронного формата |
cover |
| u |
URL |
https://urait.ru/book/cover/208971FA-D621-4539-AB87-6EA8EAB7D0AE |
| 911 |
|
__ |
| u |
|
0030=https://urait.ru/bcode/589440 |
| 911 |
|
__ |
| u |
|
073a=9785534179453 |
| u |
|
073d=1189.00 |
| 911 |
|
__ |
| u |
|
106a=s |
| 911 |
|
__ |
| u |
|
900l= |
| 952 |
Тип литературы |
__ |
| i |
Дисциплина |
Исполнительное производство: цивилистические основы |